000 01203nam a22002537a 4500
999 _c64151
_d64151
005 20240530110717.0
008 180306s2014 ua a g b 000 0 ara d
017 _a2013/16641
_bمصر. دار الكتب
020 _a9789774485732
040 _aEG-CaGPL
_cEG-CaGPL
082 0 4 _221
_a915.3\
_bس م
100 1 _aسادلير ، ج. فورستر
_eمؤلف
245 1 0 _aمذكرة عن رحلة عبر الجزيرة العربية :
_bمن القطيف فى الخليج العربى الى ينبع على البحر الاحمر خلال 1819 /
_cتأليف ج. فورستر سادلير ؛ ترجمة انس الرفاعى ؛ تقديم عباس منصور .
250 _aط.1
260 _aالقاهرة :
_bدار الكتبى للنشر والتوزيع ،
_c2013 .
300 _a233 ص. ؛
_c24 سم.
650 0 7 _2qrmak
_aالحضارة الاسلامية
_zالجزيرة العربية
651 0 7 _2qrmak
_aالعالم العربى
_xتاريخ
651 0 7 _2qrmak
_aالعالم العربى
_xالاحوال السياسية
700 0 _aانس الرفاعى
_eمترجم
700 0 _aعباس منصور
_eمقدم
942 _2ddc
_cBK